Mecánica cuántica : Curso abreviado de Física teórica

Bibliographic Details
Main Authors: Landau, L., Lifshitz, E.
Format: Section = Libro
Language:Undetermined
Spanish
Published: Moscú Mir Moscú 1987
Edition:4a.ed
Subjects:
LEADER 00531nam a2200205Ia 4500
008 240830s9999 xx 000 0 und d
040 |a B-ESTELÍ- RUACS / 530.12 L253 
041 |a spa 
082 |a 530.12 L253 
100 1 |a Landau, L. 
100 1 |b  Lifshitz, E. 
245 1 0 |a Mecánica cuántica : Curso abreviado de Física teórica 
250 |a 4a.ed 
260 |a Moscú  |b Mir Moscú  |c 1987 
300 |a 342 p. 
650 7 |a FISICA-TEORIA 
650 7 |b  MECANICA CUANTICA 
942 |c BK  |2 ddc 
991 |a TEXTO 
999 |c 11018